La vaca mañosa : (Registro nro. 46590)
[ vista simple ]
| 000 -CABECERA | |
|---|---|
| Longitud fija campo de control | 00625nam a2200205Ii 4500 |
| 003 - IDENTIFICADOR DEL NUMERO DE CONTROL | |
| Identificador del número de control | CO-ViMGA |
| 008 - CODIGOS DE INFORMACION DE LONGITUD FIJA | |
| Códigos de información de longitud fija | 241108s9999||||xx |||||||||||||| ||und|| |
| 040 ## - FUENTE DE LA CATALOGACION | |
| Centro catalogador de origen | CO-ViMGA |
| Lengua de catalogación | spa |
| Normas de descripción | rda |
| Centro transcriptor | CO-ViMGA |
| 041 0# - CODIGO DE LENGUA | |
| Código de lengua del texto/banda sonora o título independiente | spa |
| 082 04 - NUMERO DE LA CLASIFICACION DECIMAL DEWEY | |
| Número de clasificación (R) | I863.6 R63v |
| 100 1# - PUNTO DE ACCESO PRINCIPAL-NOMBRE DE PERSONA | |
| Nombre de persona | Rodríguez, Omar Marino, |
| Fechas asociadas al nombre | 1957- |
| 245 10 - TITULO PROPIAMENTE DICHO | |
| Título | La vaca mañosa : |
| Resto del título | colección de cuentos |
| 264 #1 - PRODUCCION, PUBLICACION , DISTRIBUCION, FABRICACION Y COPYRIGHT | |
| Lugar de producción, publicación, distribución, fabricación | Bogotá, Colombia : Talleres Suministros Ler, 2013 |
| 300 ## - DESCRIPCION FISICA | |
| Extensión | volumen |
| 336 ## - TIPO DE CONTENIDO | |
| Término de tipo de contenido | text |
| Código de tipo de contenido | txt |
| Fuente | rdacontent |
| 337 ## - TIPO DE MEDIO | |
| Nombre del tipo de medio | unmediated |
| Código del tipo de medio | n |
| Fuente | rdamedia |
| 338 ## - TIPO DE SOPORTE | |
| Nombre del tipo de soporte | volume |
| Código del tipo de soporte | nc |
| Fuente | rdacarrier |
| 940 ## - | |
| T&íacute;tulo uniforme | <a href="idficha_siabuc: 18011. -- ficha_no_siabuc:18348">idficha_siabuc: 18011. -- ficha_no_siabuc:18348</a> |
| Perdido | Estado Físico | No para préstamo | Forma de adquisición | Localización permanente | Localización actual | Localización en estanterías | Fecha adquisición | Signatura completa | Código de barras | Fecha última consulta | Número de copia | Fecha del precio de reemplazo | Tipo de item de Koha | Note pública |
|---|---|---|---|---|---|---|---|---|---|---|---|---|---|---|
| Colección Sala Infantil de Literatura Pocatil y Tilín | Biblioteca Pública Departamental Eduardo Carranza - Villavicencio | Biblioteca Pública Departamental Eduardo Carranza - Villavicencio | Sala Infantil | 08/26/2015 | I863.6 R63v | ECA24013 | 11/26/2024 | Ej.3 | 11/26/2024 | LIbro | 18011 | 23048 | |||
| Colección Fondo Patrimonial | Biblioteca Pública Departamental Eduardo Carranza - Villavicencio | Biblioteca Pública Departamental Eduardo Carranza - Villavicencio | Local Patrimonial | 08/26/2015 | I863.6 R63v | ECA24011 | 11/26/2024 | Ej.1 | 11/26/2024 | LIbro | 18011 | 23046 | |||
| Colección Fondo Patrimonial | Biblioteca Pública Departamental Eduardo Carranza - Villavicencio | Biblioteca Pública Departamental Eduardo Carranza - Villavicencio | Local Patrimonial | 08/26/2015 | I863.6 R63v | ECA24012 | 11/26/2024 | Ej.2 | 11/26/2024 | LIbro | 18011 | 23047 | |||
| Colección Fondo Patrimonial | Biblioteca Pública Departamental Eduardo Carranza - Villavicencio | Biblioteca Pública Departamental Eduardo Carranza - Villavicencio | Local Patrimonial | 07/17/2017 | I863.6 R63v | ECA25972 | 11/26/2024 | Ej.4 | 11/26/2024 | LIbro | 18011 | 23049 | |||
| Colección Depósito Legal del Meta | Biblioteca Pública Departamental Eduardo Carranza - Villavicencio | Biblioteca Pública Departamental Eduardo Carranza - Villavicencio | Local Patrimonial | 07/18/2017 | I863.6 R63v | ECA26023 | 11/26/2024 | Ej.5 | 11/26/2024 | LIbro | 18011 | 23050 | |||
| Colección Depósito Legal del Meta | Biblioteca Pública Departamental Eduardo Carranza - Villavicencio | Biblioteca Pública Departamental Eduardo Carranza - Villavicencio | Local Patrimonial | 01/21/2019 | I863.6 R63v | ECA27203 | 11/26/2024 | Ej.6 | 11/26/2024 | LIbro | 18011 | 23051 |